[Event "Windsor NAYCC U10 Girls"]
[Site "Windsor"]
[Date "2016.08.11"]
[Round "9.161"]
[White "Vo, Andy"]
[Black "Wang, Jenna"]
[Result "1/2-1/2"]
[WhiteElo "914"]
[BlackElo "685"]
[PlyCount "28"]
[EventDate "2016.08.07"]
[EventType "swiss"]
[EventRounds "9"]
[EventCountry "CAN"]
[SourceTitle "EXT 2022"]
[Source "ChessBase"]
[SourceDate "2021.10.06"]
[SourceVersion "1"]
[SourceVersionDate "2021.10.06"]
[SourceQuality "1"]

1. e4 e5 2. Nf3 Nc6 3. Bc4 Nf6 4. d3 Bb4+ 5. Nc3 Bxc3+ 6. bxc3 d6 7. h3 Qe7 8. 0-0 0-0 9. Bg5 Be6 10. Bb3 Bxb3 11. axb3 Nd8 12. d4 Ne6 13. Bh4 Nf4 14. dxe5 dxe5 1/2-1/2

[Event "Canadian op U1200"]
[Site "Windsor"]
[Date "2016.07.12"]
[Round "3.62"]
[White "Wang, Jenna"]
[Black "Joseph Benher, Savio"]
[Result "0-1"]
[WhiteElo "741"]
[BlackElo "871"]
[PlyCount "68"]
[EventDate "2016.07.10"]
[EventType "swiss"]
[EventRounds "9"]
[EventCountry "CAN"]
[SourceTitle "EXT 2022"]
[Source "ChessBase"]
[SourceDate "2021.10.06"]
[SourceVersion "1"]
[SourceVersionDate "2021.10.06"]
[SourceQuality "1"]

1. d4 d5 2. c4 e6 3. Nc3 Nf6 4. Nf3 Be7 5. e3 0-0 6. c5 b6 7. b4 Bb7 8. Bd3 bxc5 9. bxc5 Nc6 10. Qc2 Qd7 11. Ng5 g6 12. 0-0 Nb4 13. Qb1 Nxd3 14. Qxd3 Qc6 15. f3 Ba6 16. Qc2 Bxf1 17. Kxf1 Nd7 18. e4 Qa6+ 19. Kg1 Nxc5 20. dxc5 Bxc5+ 21. Be3 Bxe3+ 22. Kh1 Bxg5 23. exd5 exd5 24. Nxd5 Qd6 25. Rd1 Qe5 26. Nxc7 Rac8 27. Rc1 Bxc1 28. Qxc1 Rxc7 29. Qd1 Rfc8 30. h3 Rc1 31. Qg1 Rxg1+ 32. Kxg1 Qg3 33. Kf1 Rc2 34. Kg1 Qxg2# 0-1

[Event "Canadian op U1200"]
[Site "Windsor"]
[Date "2016.07.11"]
[Round "2.62"]
[White "Koltai, Anna1"]
[Black "Wang, Jenna"]
[Result "1-0"]
[WhiteElo "1178"]
[BlackElo "741"]
[PlyCount "95"]
[EventDate "2016.07.10"]
[EventType "swiss"]
[EventRounds "9"]
[EventCountry "CAN"]
[SourceTitle "EXT 2022"]
[Source "ChessBase"]
[SourceDate "2021.10.06"]
[SourceVersion "1"]
[SourceVersionDate "2021.10.06"]
[SourceQuality "1"]

1. d4 d5 2. Nf3 Nc6 3. Bf4 Nf6 4. e3 e6 5. h3 Bd6 6. Bxd6 cxd6 7. Be2 0-0 8. 0-0 Re8 9. Nbd2 e5 10. dxe5 dxe5 11. c3 e4 12. Nd4 Be6 13. Qb3 Qc7 14. Nb5 Qb6 15. Nd6 Red8 16. Nxb7 Na5 17. Qxb6 axb6 18. Nxd8 Rxd8 19. b4 Nc4 20. Rad1 Nb2 21. Rc1 Rc8 22. Rb1 Nd3 23. Bxd3 exd3 24. Rb3 d4 25. exd4 Bxb3 26. axb3 g6 27. c4 b5 28. Re1 bxc4 29. bxc4 Ra8 30. Re3 Ra2 31. Rxd3 Ra1+ 32. Kh2 g5 33. b5 Ra2 34. b6 g4 35. b7 Nd7 36. Ne4 Rb2 37. c5 Nb8 38. Nd6 Rxf2 39. Re3 Nc6 40. d5 Rb2 41. dxc6 g3+ 42. Kxg3 Kg7 43. c7 f5 44. Nxf5+ Kf8 45. c8Q+ Kf7 46. Qe6+ Kf8 47. Qe7+ Kg8 48. Qg7# 1-0

[Event "Canadian op U1200"]
[Site "Windsor"]
[Date "2016.07.10"]
[Round "1.53"]
[White "Wang, Jenna"]
[Black "John, Namitha Elsa"]
[Result "0-1"]
[WhiteElo "741"]
[BlackElo "1053"]
[PlyCount "58"]
[EventDate "2016.07.10"]
[EventType "swiss"]
[EventRounds "9"]
[EventCountry "CAN"]
[SourceTitle "EXT 2022"]
[Source "ChessBase"]
[SourceDate "2021.10.06"]
[SourceVersion "1"]
[SourceVersionDate "2021.10.06"]
[SourceQuality "1"]

1. d4 d5 2. c4 c6 3. Nc3 Nf6 4. c5 Bf5 5. e3 Nbd7 6. Nf3 h6 7. Bd3 Bxd3 8. Qxd3 e6 9. 0-0 Be7 10. b4 0-0 11. a3 b5 12. Rd1 Qc7 13. a4 a6 14. Bb2 e5 15. axb5 e4 16. b6 Qb7 17. Qe2 exf3 18. Qxf3 Rfe8 19. Ra2 Ne4 20. Nxe4 dxe4 21. Qxe4 Bxc5 22. bxc5 Rxe4 23. f3 Rxe3 24. Rc1 Qb8 25. Ba1 Qf4 26. b7 Rae8 27. g3 Qxf3 28. Rb2 Re1+ 29. Rxe1 Rxe1# 0-1

[Event "CAN-ch U10 Girls"]
[Site "Windsor"]
[Date "2016.07.07"]
[Round "4.107"]
[White "Wang, Sophia"]
[Black "Wang, Jenna"]
[Result "1-0"]
[WhiteElo "965"]
[BlackElo "550"]
[PlyCount "95"]
[EventDate "2016.07.05"]
[EventType "swiss"]
[EventRounds "7"]
[EventCountry "CAN"]
[SourceTitle "EXT 2022"]
[Source "ChessBase"]
[SourceDate "2021.10.06"]
[SourceVersion "1"]
[SourceVersionDate "2021.10.06"]
[SourceQuality "1"]

1. e4 e5 2. Nf3 Nc6 3. Bc4 Nf6 4. Ng5 Rg8 5. Bxf7+ Ke7 6. Bxg8 Nxg8 7. Nxh7 Nf6 8. Nxf6 gxf6 9. Nc3 d6 10. Qh5 Be6 11. Nd5+ Bxd5 12. exd5 Nd4 13. Qh7+ Ke8 14. 0-0 Qd7 15. Qg6+ Qf7 16. Qxf7+ Kxf7 17. c3 Nf5 18. Rd1 Nh4 19. g3 Nf3+ 20. Kg2 e4 21. d3 f5 22. h3 Rd8 23. g4 Be7 24. Be3 Nh4+ 25. Kg3 Kg6 26. gxf5+ Nxf5+ 27. Kg2 Nh4+ 28. Kg3 Nf5+ 29. Kh2 Rg8 30. Rg1+ Kf7 31. Rxg8 Kxg8 32. Rg1+ Kh7 33. dxe4 Nh4 34. Rg4 c5 35. dxc6 bxc6 36. Kg3 Kh8 37. Bg5 Bxg5 38. Rxg5 Nf3 39. Kxf3 Kh7 40. Kf4 Kh6 41. Kf5 Kh7 42. Kf6 d5 43. Rg4 d4 44. cxd4 a5 45. a4 c5 46. dxc5 Kh8 47. Kf7 Kh7 48. Rh4# 1-0

[Event "CAN-ch U10 Girls"]
[Site "Windsor"]
[Date "2016.07.06"]
[Round "3.105"]
[White "Wang, Jenna"]
[Black "Fan, Elaine"]
[Result "0-1"]
[WhiteElo "550"]
[BlackElo "676"]
[PlyCount "148"]
[EventDate "2016.07.05"]
[EventType "swiss"]
[EventRounds "7"]
[EventCountry "CAN"]
[SourceTitle "EXT 2022"]
[Source "ChessBase"]
[SourceDate "2021.10.06"]
[SourceVersion "1"]
[SourceVersionDate "2021.10.06"]
[SourceQuality "1"]

1. d4 d5 2. c4 Nf6 3. Nc3 Nc6 4. Nf3 Bg4 5. Bg5 dxc4 6. Qc2 Bxf3 7. exf3 Nxd4 8. Qd2 Ne6 9. Rd1 Qxd2+ 10. Bxd2 Nc5 11. Bxc4 e6 12. 0-0 Bd6 13. Rfe1 0-0 14. Bg5 Nfd7 15. b4 Na6 16. a3 Ne5 17. Bxa6 bxa6 18. Ne4 Nc4 19. Re2 Nxa3 20. Nxd6 cxd6 21. Be7 Rfe8 22. Bxd6 Nc4 23. Bc5 Red8 24. Ra1 Rd7 25. h3 Rc8 26. Rxa6 Ra8 27. Rea2 Rb7 28. Bxa7 Rxb4 29. Bc5 Rxa6 30. Rxa6 Rb8 31. Ba7 Rc8 32. g4 h6 33. Be3 Ne5 34. f4 Nc4 35. Ra1 Rd8 36. Rc1 Nb2 37. Rb1 Rd1+ 38. Rxd1 Nxd1 39. Kg2 Nc3 40. Bd4 Nd5 41. Kg3 Ne7 42. h4 h5 43. gxh5 Nf5+ 44. Kg4 Nxd4 45. f3 Kh8 46. Kg3 Kh7 47. Kg4 Kh6 48. Kg3 Kxh5 49. Kh3 Nxf3 50. Kg2 Nxh4+ 51. Kg3 f6 52. Kf2 Kg4 53. Ke3 Ng2+ 54. Ke4 Nxf4 55. Kd4 g5 56. Ke3 Kh3 57. Ke4 g4 58. Kxf4 e5+ 59. Ke3 Kh2 60. Kf2 g3+ 61. Kf1 g2+ 62. Ke1 g1Q+ 63. Ke2 Qg3 64. Kd2 Qf3 65. Kc2 Qe3 66. Kb2 Qd3 67. Ka2 Kg2 68. Kb2 Kf2 69. Ka2 Qc3 70. Kb1 Qd2 71. Ka1 Ke3 72. Kb1 Kd3 73. Ka1 Kc3 74. Kb1 Qb2# 0-1